Agriculture, development, and the global trading system : 2000-2015

Saved in:
Bibliografiske detaljer
Format: Bog
Sprog:engelsk
Udgivet: International Food Policy Research Institute 2017
Tags: Tilføj Tag
Ingen Tags, Vær først til at tagge denne postø!

MARC

LEADER 00000nam a22000007a 4500
008 240919b |||||||| |||| 00| 0 eng d
020 |a 9780896292499 
245 |a Agriculture, development, and the global trading system  |b  : 2000-2015   |c / edited by Antoine Bouët and David Laborde.  |g xix, 469p.ill 
250 |c Bouet, Antoine 
250 |c Laborde, David 
260 |b International Food Policy Research Institute  |c 2017  |h Washington, DC.  |i 703000  |l HF1379.Ag8  |m World Trade Organization.   |m Food security.   |m Food prices  |m Doha Development Agenda (2001- )  |m International trade.  |m  Commercial policy. 
500 |a it includes bibliographical references and index 
942 |a lcc  |c BK  |e Johnson  |f 19/09/24 
952 |0 0  |1 0  |2 lcc  |4 0  |6 HF1379 A G8  |7 0  |9 5585  |a HOL  |b HOL  |c GJ  |d 2024-09-19  |l 0  |o HF1379.Ag8  |p 2024-0823  |r 2024-09-19 00:00:00  |t 703000  |w 2024-09-19  |y BK 
999 |c 2756  |d 2756